000 00502nam a2200169Ia 4500
008 151213s9999 xx 000 0 und d
020 _a0-333-58139-3
100 _aD.H. Lawrence ( ed. By Graham Handly)
245 _aSons and Lovers
_cD.H. Lawrence ( ed. By Graham Handly)
250 _a1st
260 _aLondon
_bMackmilan Press Ltd.
_c1994
300 _a4905 p.
650 _aEnglish Literature
650 _aEnglish Literature
700 _aD.H. Lawrence ( ed. By Graham Handly)
999 _c3082
_d3082